000 00983nam0a22002651 4500
001 rc\4648598
005 20130416202046.7
035 _a(NLR Aleph) 008411491
090 _a9299390
_c9299390
100 _a20130416d1967 |||y0rusy50 ca
101 0 _arus
102 _aRU
105 _ay z |||||
200 1 _aОтчет о командировке в Индию
_fАН СССР. Всесоюз. ин-т науч. и техн. информации
210 _aМосква
_cБ. и.
_d1967
215 _a21 с.
_d21
300 _aПеред загл. авт.: Г.А. Соколов; на 3-й с.: проф. Г.А. Соколов...
300 _aОтпеч. множит. аппаратом
333 _aДля служебного пользования. Экз. № 6
700 1 _aСоколов
_bГ. А.
_f1902-1978
_gГлеб Александрович
801 0 _aRU
_bNLR
_gpsbo
801 1 _aRU
_bELAR
_2rusmarc
852 _aNLR
_j50К/9333
942 _cBOOK
980 _aNB